| 000 | 00581cam a2200217 4500 | ||
|---|---|---|---|
| 008 | 000000n2000 000 0 eng u | ||
| 020 | _a0851424465 | ||
| 035 | _a(Sirsi) u110296 | ||
| 050 | _a025.4 | ||
| 100 | _aAitchison, J. | ||
| 245 | _aThesaurus construction and use : a practical manual. | ||
| 250 | _a4th ed. | ||
| 260 |
_aLondon _bAslib _c2000 |
||
| 300 | _axiv,218p. ; 30cm. | ||
| 350 | _a42.50 | ||
| 650 | _aTHESAURI | ||
| 690 | _aMANAGEMENT-BUSINESS MANAGEMENT-INFORMATION MANAGEMENT | ||
| 700 | _aGilchrist, Alan | ||
| 700 | _aBawden, David | ||
| 942 | _n0 | ||
| 999 |
_c101090 _d101090 |
||